Guzmán de Alfarache III

Enregistré dans:
Détails bibliographiques
Auteur principal: Alemán, Mateo
Format: Livre
Langue:Undetermined
Publié: Madrid, España Espasa-Calpe 1973
Sujets:
Tags: Ajouter un tag
Pas de tags, Soyez le premier à ajouter un tag!

MARC

LEADER 00000nam a2200000Ia 4500
008 170316s9999 xx 000 0 und d
040 |a cru BVZT 
090 |a 862 A-15g v.3 
100 |a Alemán, Mateo 
245 |a Guzmán de Alfarache III  |c / Edición, introducción y notas, Samuel Gili Gaya 
260 |a Madrid, España 
260 |b Espasa-Calpe 
260 |c 1973 
300 |a 294 páginas 
650 |a LITERATURA ESPAÑOLA 
999 |c 9368  |d 9368 
942 |c 15 D  |h 862 A-15g v.3  |2 z